Emancipation of industry : to the editor of "The Times.".

Bibliographic Details
Main Author: M. M.
Format: eBook
Language:English
Published: [London?] : J. Wertheimer and Co., printers, [1844]
Series:Making of the modern world (Goldsmiths'-Kress Library of Economic Literature)
Subjects:
Online Access:Connect to the full text of this electronic book

MARC

Tag First Indicator Second Indicator Subfields
LEADER 00000cam a2200000Ia 4500
001 in00002284530
005 20190326191854.0
006 m | d |
007 cr |n||||||||n
008 880810s1844 enk s 000 0 eng d
040 |a DLM  |c GKR  |d OCL  |d Thomson Gale  |d UtOrBLW 
043 |a e-uk--- 
100 0 |a M. M. 
245 1 0 |a Emancipation of industry :  |b to the editor of "The Times.". 
264 1 |a [London?] :  |b J. Wertheimer and Co., printers,  |c [1844] 
300 |a 8 pages 
336 |a text  |b txt  |2 rdacontent 
337 |a computer  |b c  |2 rdamedia 
338 |a online resource  |b cr  |2 rdacarrier 
500 |a Caption title. 
500 |a Signed: M.M. 
500 |a Authorship dubiously attributed to John Taylor by Goldsmiths' Library. 
500 |a Reproduction of original from Goldsmiths' Library, University of London. 
500 |a Goldsmiths'-Kress number 33828. 
510 4 |a OCLC,  |c 18337209 
533 |a Electronic reproduction.  |b Farmington Hills, Mich. :  |c Thomson Gale,  |d 2005.  |f (The making of the modern world).  |n Available via the World Wide Web.  |n Access limited to licensing agreements.  |7 s2005 miunns 
500 |a Electronic resource. 
650 0 |a Industries  |z Great Britain. 
650 0 |a Working class  |z Great Britain. 
655 0 |a Electronic books. 
650 0 |a Labor movement  |z Great Britain. 
650 0 |a Labor  |z Great Britain. 
830 0 |a Making of the modern world (Goldsmiths'-Kress Library of Economic Literature) 
856 4 0 |u http://proxy.library.tamu.edu/login?url=http://galenet.galegroup.com/servlet/MOME?af=RN&ae=U106407320&srchtp=a&ste=14&locID=txshracd2898  |z Connect to the full text of this electronic book  |t 0 
999 |a MARS 
999 f f |s c98c90fb-71d3-39d1-b25f-92c41ef4ffb6  |i ae598989-dabc-33b5-85f9-087663570500  |t 0 
952 f f |a Texas A&M University  |b College Station  |c Electronic Resources  |d Available Online  |t 0  |h No information provided 
998 f f |t 0  |l Available Online